000 00440nab a2200145Ia 4500
003 ES-SlBCS
005 20210601125236.0
008 140529s1976 xxu||||| |||| 00| 0 eng d
041 _aeng
100 1 _aFrance, M. N.
_9155878
245 0 0 _aMetalanguage and Category Acquisition
_c M. N. France
650 0 4 _aMetalenguaje
_9155879
773 0 _tPhilosophy and Phenomenological Research
_gvol. 37, 1976, págs. 165-180
_wRev1411
942 _cAR
999 _c527113
_d527113